000 00446nam a2200181Ia 4500
008 210210b1929 xxu||||| |||| 00| 0 eng d
041 _aeng
082 _a538/15
100 _aFERROLI (D)
245 _aRegularization of the problem of three bodies
260 _aMadras
_bNot Mentioned
_c1929
650 _athree
650 _aRegularization
650 _aproblem
650 _abodies
690 _aMathematical Physics
906 _a008963
999 _c126883
_d126883